| 000 | 00337nam a22001457a 4500 | ||
|---|---|---|---|
| 020 | _qPB. | ||
| 040 | _cFIZZA ISHAQ | ||
| 082 |
_a553.79 _bCHA |
||
| 100 |
_aFITTS,R.CHARLES. _990193 |
||
| 245 |
_aGROUND WATER SCIENCE / _cCHARLES R.FITTS. |
||
| 250 | _a2nd ED. | ||
| 260 |
_aNEW YORK ; _c2013. |
||
| 300 | _a672 P. ; | ||
| 942 |
_2ddc _cBK |
||
| 999 |
_c588556 _d588556 |
||